Marine prawn culture technology / (Record no. 42041)

MARC details
000 -LEADER
fixed length control field 00676nam a22001937a 4500
005 - DATE AND TIME OF LATEST TRANSACTION
control field 20100816101517.0
010 ## - LCCN (DPL NO)
LC control number ENG-100377
020 ## - INTERNATIONAL STANDARD BOOK NUMBER
International Standard Book Number 9788190720380
Terms of availability 50.00
035 ## - SYSTEM CONTROL NUMBER
System control number EN-83909
037 ## - SOURCE OF ACQUISITION
Source of stock number/acquisition DBAD/PUB
082 ## - DEWEY DECIMAL CLASSIFICATION NUMBER
Classification number 597.5
100 ## - MAIN ENTRY--PERSONAL NAME
Personal name Krishnamurthy, R.
245 ## - TITLE STATEMENT
Title Marine prawn culture technology /
Statement of responsibility, etc by R. Krishnamurthy
260 ## - PUBLICATION, DISTRIBUTION, ETC. (IMPRINT)
Place of publication, distribution, etc Chennai
Name of publisher, distributor, etc Bala Books
Date of publication, distribution, etc 2008
270 ## - ADDRESS
Address No: 15, Ko.su.mani Street, Choollaimedu
City Chennai
Postal code 94
300 1# - PHYSICAL DESCRIPTION
Extent 108p.
Dimensions 20cm (pbk)
942 ## - ADDED ENTRY ELEMENTS (KOHA)
Source of classification or shelving scheme Dewey Decimal Classification
Item type English Books
Classification part 597.5
Call number suffix KRI
Holdings
Withdrawn status Lost status Not for loan Collection code Home library Current library Date acquired Source of acquisition Cost, normal purchase price Full call number Barcode Copy number Cost, replacement price Koha item type
    Not For Loan Non-fiction D.B.Act.Division D.B.Act.Division 16/08/2010 DBAD/PUB 50.00 597.5 KRI EN-83909 1 50.00 English Books

© Delhi Public Library
Hit Counter
free hit counter